Nome completo dos países da América Central - Statistics

Estatísticas Gerais
  • Esse quiz foi jogado 13 vezes
  • A pontuação média é 17 de 21
Estatísticas das Respostas
País
Nome completo
% Correto
Costa Rica Costa
92%
Honduras Honduras
92%
Panamá Panamá
92%
Costa Rica Rica
92%
Belize Belize
83%
El Salvador El
83%
Guatemala Guatemala
83%
Nicarágua Nicarágua
83%
Panamá República
83%
Costa Rica República
83%
Nicarágua República
83%
Honduras República
83%
El Salvador República
83%
Guatemala República
83%
El Salvador Salvador
83%
Costa Rica Da
75%
Nicarágua Da
75%
Guatemala Da
75%
Honduras De
75%
El Salvador De
75%
Panamá Do
75%
Nenhum quiz correspondente encontrado
Distribuição das Pontuações
Porcentagem de Pessoas com Cada Pontuação
Percentil de Números Respondidos
Sua Pontuação Histórica
Você não jogou esse quiz